Natural Resources Development and Management Policy, 2013 (Record no. 42207)

MARC details
000 -LEADER
fixed length control field 00436nam a2200133 4500
008 - FIXED-LENGTH DATA ELEMENTS--GENERAL INFORMATION
fixed length control field 130925b xxu||||| |||| 00| 0 eng d
022 ## - INTERNATIONAL STANDARD SERIAL NUMBER
International Standard Serial Number 9966776214
245 ## - TITLE STATEMENT
Title Natural Resources Development and Management Policy, 2013
260 ## - PUBLICATION, DISTRIBUTION, ETC. (IMPRINT)
Place of publication, distribution, etc. Nairobi
Name of publisher, distributor, etc. Association of Professional Societies in East Africa (Apsea)
Date of publication, distribution, etc. 2013
300 ## - PHYSICAL DESCRIPTION
Extent 28p.
650 ## - SUBJECT ADDED ENTRY--TOPICAL TERM
Topical term or geographic name as entry element Natural resource management
650 ## - SUBJECT ADDED ENTRY--TOPICAL TERM
Topical term or geographic name as entry element Natural resource development
942 ## - ADDED ENTRY ELEMENTS (KOHA)
Source of classification or shelving scheme Library of Congress Classification
Koha item type Serials
Holdings
Withdrawn status Lost status Source of classification or shelving scheme Damaged status Use restrictions Not for loan Collection code Home library Current library Shelving location Date acquired Source of acquisition Total Checkouts Date last seen Price effective from Koha item type
    Library of Congress Classification   Restricted Access Not For Loan Non-fiction Bishop Okullu Memorial Library (Limuru Campus) Bishop Okullu Memorial Library (Limuru Campus) Periodicals Section 25/09/2013 Donation   25/09/2013 25/09/2013 Serials